[Event "Chigorin Memorial"]
[Site "St Petersburg"]
[Date "2015.10.04"]
[Round "2.2"]
[White "Schekachikhin, Maksim"]
[Black "Turov, Maxim"]
[Result "0-1"]
[WhiteElo "2320"]
[BlackElo "2609"]
[PlyCount "98"]
[EventDate "2015.10.03"]
[EventRounds "9"]
[EventCountry "RUS"]
[WhiteClock "0:31:01"]
[BlackClock "0:38:34"]

1. d4 Nf6 2. c4 g6 3. Nc3 d5 4. Nf3 Bg7 5. e3 O-O 6. cxd5 Nxd5 7. Bc4 Nxc3 8.
bxc3 c5 9. O-O Qc7 10. Qe2 b6 11. a4 Nc6 12. Ba3 Bb7 13. Rfd1 Na5 14. Bd3 Rfd8
15. h4 Bc6 16. Bb2 Qd7 17. Bc2 Qg4 18. e4 cxd4 19. cxd4 Rac8 20. Ra2 e6 21. Bd3
Bb7 22. Ra3 Qf4 23. Rc3 Nc6 24. g3 Qg4 25. Rcc1 Nxd4 26. Bxd4 Rxc1 27. Rxc1
Bxd4 28. Nxd4 Qxe2 29. Bxe2 Rxd4 30. Rc7 Bxe4 31. f3 Bd3 32. Bxd3 Rxd3 33. Kf2
a5 34. Rb7 Rb3 35. g4 h6 36. Kg3 g5 37. h5 Kg7 38. Rb8 Kf6 39. Kf2 Rb4 40. Kg3
Rxa4 41. Rxb6 Ra1 42. Ra6 a4 43. Ra5 a3 44. Kh2 a2 45. Kg2 Ke7 46. Ra6 f5 47.
gxf5 exf5 48. Kh2 Kd7 49. Kg2 Kc7 0-1

[Event "Chigorin Memorial"]
[Site "St Petersburg"]
[Date "2015.10.04"]
[Round "2.3"]
[White "Aleksandrov, Aleksej"]
[Black "Gurvich, Vitaly"]
[Result "1-0"]
[WhiteElo "2606"]
[BlackElo "2315"]
[PlyCount "91"]
[EventDate "2015.10.03"]
[EventRounds "9"]
[EventCountry "RUS"]
[WhiteClock "1:14:54"]
[BlackClock "0:30:00"]

1. d4 Nf6 2. c4 g6 3. Nc3 d5 4. cxd5 Nxd5 5. Bd2 Bg7 6. e4 Nxc3 7. Bxc3 O-O 8.
Qd2 c5 9. d5 e6 10. Bc4 exd5 11. Bxd5 Nd7 12. Bxg7 Kxg7 13. Ne2 Nf6 14. Nc3
Nxd5 15. Nxd5 Be6 16. Qc3+ f6 17. O-O-O Qd6 18. e5 Qxe5 19. Qxe5 fxe5 20. Nc7
Rae8 21. Nxe8+ Rxe8 22. Rhe1 Kf6 23. Rd3 h5 24. h3 Bf5 25. Ra3 a6 26. Rc3 b6
27. a4 Rc8 28. Rf3 Ke6 29. Rfe3 Kf6 30. Rxe5 b5 31. Rd5 bxa4 32. Rd6+ Kg5 33.
Rxa6 c4 34. Rxa4 h4 35. Re3 Bd3 36. Ra5+ Kh6 37. Rd5 Rf8 38. f3 Ra8 39. Rexd3
cxd3 40. Rxd3 Kg5 41. Rd4 Ra1+ 42. Kc2 Rg1 43. Rg4+ Kf5 44. b4 Re1 45. b5 Re6
46. Rxh4 1-0

[Event "Chigorin Memorial"]
[Site "St Petersburg"]
[Date "2015.10.04"]
[Round "2.4"]
[White "Samdanov, Samdan"]
[Black "Goganov, Aleksey"]
[Result "1/2-1/2"]
[WhiteElo "2315"]
[BlackElo "2603"]
[PlyCount "68"]
[EventDate "2015.10.03"]
[EventRounds "9"]
[EventCountry "RUS"]
[WhiteClock "0:42:50"]
[BlackClock "0:52:57"]

1. d4 Nf6 2. c4 e6 3. Nc3 Bb4 4. Qc2 O-O 5. a3 Bxc3+ 6. Qxc3 d6 7. f3 d5 8. Bg5
Nbd7 9. cxd5 exd5 10. e3 Re8 11. Bh4 Qe7 12. Bf2 c5 13. dxc5 Nxc5 14. Ne2 Bd7
15. Nd4 Rac8 16. Qd2 Ba4 17. Bd3 Nfd7 18. Bf5 Rc7 19. Bxd7 Qxd7 20. O-O Nb3 21.
Nxb3 Bxb3 22. Rfc1 Rec8 23. Rxc7 Qxc7 24. Bg3 Qc2 25. Qxc2 Rxc2 26. Be5 f6 27.
Bd4 a5 28. h4 h5 29. Rf1 Kf7 30. Rf2 Rc1+ 31. Rf1 Rc2 32. Rf2 Rc1+ 33. Rf1 Rc2
34. Rf2 Rc1+ 1/2-1/2

[Event "Chigorin Memorial"]
[Site "St Petersburg"]
[Date "2015.10.04"]
[Round "2.5"]
[White "Kokarev, Dmitry"]
[Black "Hojjatova, Aydan"]
[Result "1-0"]
[WhiteElo "2603"]
[BlackElo "2315"]
[PlyCount "67"]
[EventDate "2015.10.03"]
[EventRounds "9"]
[EventCountry "RUS"]
[WhiteClock "0:08:14"]
[BlackClock "0:04:17"]

1. e4 d6 2. d4 Nf6 3. Nc3 g6 4. Be3 c6 5. h3 Nbd7 6. Nf3 e5 7. a4 Bg7 8. dxe5
dxe5 9. Nd2 Qc7 10. Nc4 O-O 11. Qd6 Ne8 12. Qe7 Bf6 13. Qa3 Ng7 14. a5 Rd8 15.
Bd3 Ne6 16. O-O Ndf8 17. b4 Be7 18. Qb2 Bg5 19. Nd1 f6 20. Bxg5 Nxg5 21. f4 Nf7
22. f5 g5 23. Nf2 Bd7 24. Ne3 Be8 25. b5 Nd6 26. c4 Bf7 27. a6 Qb6 28. Neg4 Nd7
29. c5 Qxc5 30. axb7 Nxb7 31. Rfc1 Qd6 32. bxc6 Nbc5 33. cxd7 Nxd3 34. Nxd3 1-0

[Event "Chigorin Memorial"]
[Site "St Petersburg"]
[Date "2015.10.04"]
[Round "2.6"]
[White "Sakaev, Konstantin"]
[Black "Palchun, Grigory"]
[Result "1-0"]
[WhiteElo "2594"]
[BlackElo "2315"]
[PlyCount "89"]
[EventDate "2015.10.03"]
[EventRounds "9"]
[EventCountry "RUS"]
[WhiteClock "0:05:08"]
[BlackClock "0:17:52"]

1. Nf3 Nf6 2. c4 e6 3. Nc3 Bb4 4. Qc2 O-O 5. a3 Bxc3 6. Qxc3 c5 7. b4 b6 8. e3
d6 9. Be2 e5 10. Bb2 Bg4 11. h3 Bh5 12. d3 Nc6 13. b5 Ne7 14. g4 Bg6 15. Nd2
Nd7 16. f4 f6 17. Bf3 Rc8 18. f5 Bf7 19. e4 a6 20. a4 Ra8 21. Rb1 g5 22. h4 Kg7
23. Kf2 h6 24. Rh2 Rh8 25. Rbh1 Ng8 26. hxg5 fxg5 27. Be2 Ndf6 28. Kg3 Qd7 29.
Nf3 Rh7 30. Qc1 Qe7 31. Bd1 a5 32. Be2 Kh8 33. Qg1 Re8 34. Kf2 Qf8 35. Ke1 Qg7
36. Qg3 Nd7 37. Kd1 Re7 38. Nxg5 Qxg5 39. Bc1 Qg7 40. g5 Nf8 41. Rxh6 Nxh6 42.
f6 Qg8 43. fxe7 Ne6 44. Qf2 Qg6 45. gxh6 1-0

[Event "Chigorin Memorial"]
[Site "St Petersburg"]
[Date "2015.10.04"]
[Round "2.8"]
[White "Gogolev, Artem"]
[Black "Bok, Benjamin"]
[Result "0-1"]
[WhiteElo "2306"]
[BlackElo "2591"]
[PlyCount "76"]
[EventDate "2015.10.03"]
[EventRounds "9"]
[EventCountry "RUS"]
[WhiteClock "0:02:52"]
[BlackClock "0:00:52"]

1. c4 g6 2. Nf3 Bg7 3. Nc3 c5 4. d4 cxd4 5. Nxd4 Nc6 6. Nc2 Bxc3+ 7. bxc3 d6 8.
e4 Qa5 9. Bd2 Nf6 10. f3 Bd7 11. Be2 Rc8 12. Ne3 Be6 13. Qb1 b6 14. f4 Qc5 15.
f5 Bd7 16. Nd5 Nxd5 17. cxd5 Ne5 18. fxg6 hxg6 19. Qb4 Rxh2 20. Qxc5 Rxh1+ 21.
Kf2 Rxc5 22. Rxh1 Bg4 23. Rh8+ Kd7 24. Bf1 Bd1 25. Rb8 Bc2 26. Rb7+ Rc7 27.
Bb5+ Kc8 28. Rxc7+ Kxc7 29. Ke3 Ng4+ 30. Kd4 e5+ 31. dxe6 fxe6 32. Bg5 e5+ 33.
Kd5 Nf2 34. Be7 Bxe4+ 35. Ke6 Bf5+ 36. Kd5 Ne4 37. g4 Nxc3+ 38. Kc4 Bd7 0-1

[Event "Chigorin Memorial"]
[Site "St Petersburg"]
[Date "2015.10.04"]
[Round "2.9"]
[White "Maletin, Pavel"]
[Black "Shchukin, Dmitry"]
[Result "1/2-1/2"]
[WhiteElo "2581"]
[BlackElo "2299"]
[PlyCount "99"]
[EventDate "2015.10.03"]
[EventRounds "9"]
[EventCountry "RUS"]
[WhiteClock "0:53:42"]
[BlackClock "0:35:11"]

1. d4 e6 2. c4 Bb4+ 3. Bd2 Qe7 4. g3 Nc6 5. Nf3 Nf6 6. Nc3 O-O 7. Bg2 Bxc3 8.
Bxc3 Ne4 9. Rc1 d6 10. d5 Nxc3 11. Rxc3 Nd8 12. O-O e5 13. Nd2 f5 14. c5 Nf7
15. Qb3 b6 16. cxd6 cxd6 17. Qa3 Bb7 18. Rfc1 Rfc8 19. e3 Rxc3 20. Rxc3 g6 21.
e4 fxe4 22. Nxe4 Kg7 23. h4 Bxd5 24. Nxd6 Nxd6 25. Bxd5 Rc8 26. Rxc8 Nxc8 27.
Qc3 Nd6 28. f4 Kf6 29. g4 Nf7 30. Kg2 Kg7 31. Kg3 Qf6 32. Qe3 exf4+ 33. Qxf4 g5
34. Qxf6+ Kxf6 35. Bxf7 gxh4+ 36. Kxh4 Kxf7 37. Kh5 Kg7 38. g5 Kf7 39. Kh6 Kg8
40. b4 Kh8 41. a4 Kg8 42. g6 hxg6 43. Kxg6 Kf8 44. Kf6 Ke8 45. Ke6 Kd8 46. Kd6
Kc8 47. Kc6 Kb8 48. Kd7 Kb7 49. b5 Kb8 50. Kd8 1/2-1/2

[Event "Chigorin Memorial"]
[Site "St Petersburg"]
[Date "2015.10.04"]
[Round "2.10"]
[White "Rjabzev, Konstantin"]
[Black "Pridorozhni, Aleksei"]
[Result "1-0"]
[WhiteElo "2298"]
[BlackElo "2575"]
[PlyCount "73"]
[EventDate "2015.10.03"]
[EventRounds "9"]
[EventCountry "RUS"]
[WhiteClock "0:05:03"]
[BlackClock "0:08:13"]

1. e4 e6 2. d4 d5 3. Nd2 Nf6 4. e5 Nfd7 5. c3 c5 6. f4 Nc6 7. Ndf3 Qb6 8. a3
Be7 9. h4 cxd4 10. cxd4 Na5 11. Ne2 Nb3 12. Rb1 Nxc1 13. Qxc1 O-O 14. Nc3 f6
15. Qe3 fxe5 16. fxe5 Nb8 17. Bd3 Nc6 18. Ne2 Bd7 19. Nf4 h6 20. Rh3 Rf7 21.
Bg6 Rxf4 22. Qxf4 Rf8 23. Qg4 Rxf3 24. Rxf3 Nxd4 25. Rg3 Bf8 26. Rd1 Nc6 27.
Qf4 Qd8 28. Rd2 Be8 29. Rf2 Bc5 30. Bf7+ Kh8 31. Rff3 Nd4 32. Rc3 Bb6 33. Rxg7
Nc2+ 34. Kd1 Ne3+ 35. Rxe3 Bxe3 36. Rg8+ Kh7 37. Qxe3 1-0

[Event "Chigorin Memorial"]
[Site "St Petersburg"]
[Date "2015.10.04"]
[Round "2.11"]
[White "Rozhko, Dmitry"]
[Black "Tukhaev, Adam"]
[Result "1-0"]
[WhiteElo "2298"]
[BlackElo "2569"]
[PlyCount "159"]
[EventDate "2015.10.03"]
[EventRounds "9"]
[EventCountry "RUS"]
[WhiteClock "0:05:30"]
[BlackClock "0:03:34"]

1. e4 c6 2. d4 d5 3. exd5 cxd5 4. Bd3 Nc6 5. c3 Qc7 6. Nf3 Bg4 7. Nbd2 e6 8.
Nf1 Nf6 9. Ng3 Nh5 10. Nxh5 Bxh5 11. O-O Bd6 12. h3 O-O-O 13. Be2 Kb8 14. Ne5
Bxe2 15. Nxc6+ Qxc6 16. Qxe2 Bc7 17. Be3 Qd6 18. g3 Qe7 19. Qd2 f6 20. Bf4 Bxf4
21. Qxf4+ e5 22. Rfe1 Rhe8 23. dxe5 fxe5 24. Qe3 Qf7 25. Rad1 Qf5 26. Kg2 h5
27. Rd2 g5 28. Red1 e4 29. c4 Re5 30. cxd5 Rexd5 31. Rxd5 Rxd5 32. Re1 Re5 33.
Qd4 Re8 34. Re3 a6 35. Qd6+ Ka8 36. Qd4 g4 37. h4 Qf7 38. a3 Qf5 39. b4 Qb5 40.
Rc3 Qf5 41. a4 Kb8 42. Qd6+ Ka8 43. b5 Rf8 44. Qc5 e3 45. Qxe3 Qd5+ 46. Kh2 Qa2
47. Kg1 Qxa4 48. bxa6 Qd1+ 49. Kh2 Qd6 50. axb7+ Kb8 51. Qc5 Qxc5 52. Rxc5 Kxb7
53. Rxh5 Rxf2+ 54. Kg1 Ra2 55. Rg5 Ra4 56. Kf2 Kc6 57. h5 Kd6 58. h6 Ra2+ 59.
Ke3 Rh2 60. Ra5 Ke7 61. Ra6 Kf7 62. Kf4 Rb2 63. Kxg4 Rb4+ 64. Kh5 Rb5+ 65. Kh4
Kg8 66. g4 Kh7 67. g5 Rb1 68. Ra7+ Kh8 69. Kh5 Rb5 70. Re7 Kg8 71. Kg6 Rb6+ 72.
Kf5 Rb5+ 73. Kf6 Rb6+ 74. Re6 Rb8 75. g6 Ra8 76. h7+ Kh8 77. Kg5 Kg7 78. Re7+
Kh8 79. Kh6 Ra6 80. Re8# 1-0

[Event "Chigorin Memorial"]
[Site "St Petersburg"]
[Date "2015.10.04"]
[Round "2.12"]
[White "Sandipan, Chanda"]
[Black "Beznosikov, Vladimir"]
[Result "1-0"]
[WhiteElo "2567"]
[BlackElo "2298"]
[PlyCount "67"]
[EventDate "2015.10.03"]
[EventRounds "9"]
[EventCountry "RUS"]
[WhiteClock "0:28:11"]
[BlackClock "0:19:15"]

1. Nf3 Nf6 2. g3 c5 3. Bg2 g6 4. O-O Bg7 5. c4 O-O 6. Nc3 d5 7. cxd5 Nxd5 8.
Qa4 Nc6 9. Qc4 Nxc3 10. dxc3 Qb6 11. Qh4 Re8 12. Ng5 h6 13. Nf3 h5 14. h3 Ne5
15. Nxe5 Bxe5 16. g4 hxg4 17. hxg4 Bd7 18. f4 Bf6 19. g5 Bg7 20. e4 f5 21. gxf6
exf6 22. Qg3 Kf7 23. Be3 Qc7 24. e5 Bf5 25. Bd5+ Kf8 26. b4 b6 27. Bxa8 Rxa8
28. bxc5 bxc5 29. Qg2 Rc8 30. Rad1 fxe5 31. Rd5 exf4 32. Rxf4 Qe7 33. Rfxf5+
gxf5 34. Rxf5+ 1-0

[Event "Chigorin Memorial"]
[Site "St Petersburg"]
[Date "2015.10.04"]
[Round "2.13"]
[White "Tarasov, Alexandr"]
[Black "Belous, Vladimir"]
[Result "0-1"]
[WhiteElo "2297"]
[BlackElo "2566"]
[PlyCount "68"]
[EventDate "2015.10.03"]
[EventRounds "9"]
[EventCountry "RUS"]

1. d4 Nf6 2. Nf3 g6 3. c4 Bg7 4. g3 c5 5. Bg2 Qa5+ 6. Bd2 Qb6 7. dxc5 Qxc5 8.
Qb3 Nc6 9. Nc3 O-O 10. Be3 Qa5 11. O-O d6 12. Nd5 Be6 13. Bd2 Qd8 14. Bc3 Nd7
15. Bxg7 Kxg7 16. Nf4 Nc5 17. Qc3+ Kg8 18. b4 Nd7 19. Nxe6 fxe6 20. Ng5 Rf6 21.
b5 Qa5 22. Qb3 Nc5 23. Qe3 Ne5 24. Qd4 Ned7 25. h4 Raf8 26. h5 gxh5 27. Qh4 Rg6
28. Qxh5 Nf6 29. Qh4 Qd2 30. e3 Qe2 31. Bh3 Qh5 32. Qxh5 Nxh5 33. f4 Nxg3 34.
Rf3 Rxg5 0-1

[Event "Chigorin Memorial"]
[Site "St Petersburg"]
[Date "2015.10.04"]
[Round "2.14"]
[White "Lintchevski, Daniil"]
[Black "Mishuchkov, Nikolai M"]
[Result "1-0"]
[WhiteElo "2562"]
[BlackElo "2295"]
[PlyCount "56"]
[EventDate "2015.10.03"]
[EventRounds "9"]
[EventCountry "RUS"]

1. g3 d5 2. Nf3 Bg4 3. Bg2 c6 4. O-O Nd7 5. d3 Ngf6 6. Nbd2 e6 7. h3 Bh5 8. e4
dxe4 9. dxe4 Bc5 10. Qe1 e5 11. Nc4 Bxf3 12. Bxf3 Qe7 13. Kg2 O-O 14. a4 Rfd8
15. a5 b5 16. Ne3 g6 17. Bd2 a6 18. b4 Ba7 19. c4 Bd4 20. Rc1 Rac8 21. Rc2 Nf8
22. Qc1 Qb7 23. Ng4 Nxg4 24. Bxg4 Ne6 25. c5 Qe7 26. Bh6 Rc7 27. h4 f6 28. Rd1
Qf7 {unreadable} 1-0

[Event "Chigorin Memorial"]
[Site "St Petersburg"]
[Date "2015.10.04"]
[Round "2.15"]
[White "Malyshev, Grigory"]
[Black "Rozum, Ivan"]
[Result "0-1"]
[WhiteElo "2293"]
[BlackElo "2547"]
[PlyCount "160"]
[EventDate "2015.10.03"]
[EventRounds "9"]
[EventCountry "RUS"]

1. e4 c5 2. Nf3 d6 3. d3 Nc6 4. Nbd2 g6 5. g3 Bg7 6. Bg2 e5 7. O-O Nge7 8. Ne1
O-O 9. Nc4 Be6 10. Ne3 d5 11. exd5 Nxd5 12. c3 Qd7 13. Nxd5 Bxd5 14. Be3 b6 15.
Qc2 Rad8 16. Rd1 f5 17. f4 Bxg2 18. Nxg2 Rfe8 19. Rfe1 Re6 20. Rd2 Qe7 21. Rde2
Qf7 22. a3 Red6 23. Rd2 R6d7 24. h3 h6 25. Rf1 Kh7 26. Kh1 exf4 27. gxf4 Ne7
28. Rdd1 Rd6 29. Bc1 Nd5 30. Rfe1 Qd7 31. Re2 Nf6 32. Re3 Qb7 33. Rde1 R8d7 34.
R1e2 Qa6 35. Ne1 Nh5 36. Rf3 Bf6 37. Kh2 Qb7 38. Ree3 Qc7 39. Kg1 Rc6 40. Re2
Qd6 41. Qb3 Bh4 42. c4 Re7 43. Qd1 Rcc7 44. Ng2 Bf6 45. Be3 Qc6 46. Rff2 Rcd7
47. Kh2 Qd6 48. b3 Re6 49. a4 Bc3 50. Qc1 Bb4 51. Qd1 Nf6 52. Bc1 Ne4 53. Rf3
Rde7 54. Qc2 Ng5 55. Rfe3 Nf3+ 56. Kh1 Nd4 57. Rxe6 Rxe6 58. Rxe6 Qxe6 59. Qd1
Qc6 60. Bb2 Qf3 61. Qxf3 Nxf3 62. Ne3 Ne1 63. d4 Nd3 64. Ba1 cxd4 65. Bxd4 Nxf4
66. Be5 Ne6 67. Nd5 Bc5 68. b4 Bd4 69. Bb8 a5 70. bxa5 bxa5 71. Nc7 Nc5 72. Nb5
Be3 73. Ba7 f4 74. Nc3 Nxa4 75. Bxe3 fxe3 76. Ne2 Nb6 77. c5 Nd5 78. Kg2 a4 79.
c6 a3 80. Nc1 Kg7 0-1

[Event "Chigorin Memorial"]
[Site "St Petersburg"]
[Date "2015.10.04"]
[Round "2.16"]
[White "Alekseenko, Kirill"]
[Black "Smirnov, Timofey"]
[Result "1-0"]
[WhiteElo "2539"]
[BlackElo "2289"]
[PlyCount "65"]
[EventDate "2015.10.03"]
[EventRounds "9"]
[EventCountry "RUS"]

1. e4 e5 2. Nf3 Nc6 3. Bb5 a6 4. Ba4 Nf6 5. O-O Be7 6. Re1 b5 7. Bb3 d6 8. c3
O-O 9. h3 Nb8 10. d4 Nbd7 11. Nbd2 Bb7 12. Bc2 Re8 13. Nf1 Bf8 14. Ng3 g6 15.
Bg5 Bg7 16. Qd2 c5 17. d5 c4 18. Bh6 Bxh6 19. Qxh6 Qe7 20. Nh2 a5 21. b3 Rec8
22. Qd2 Nb6 23. Reb1 cxb3 24. axb3 Qc7 25. Bd3 Qxc3 26. Qg5 Ne8 27. Bxb5 Qc7
28. Ng4 Nd7 29. Qe7 Nf8 30. Nh6+ Kg7 31. Ngf5+ gxf5 32. Nxf5+ Kg8 33. Bxe8 1-0

[Event "Chigorin Memorial"]
[Site "St Petersburg"]
[Date "2015.10.04"]
[Round "2.17"]
[White "Isakov, Andrey"]
[Black "Timofeev, Artyom"]
[Result "0-1"]
[WhiteElo "2286"]
[BlackElo "2539"]
[PlyCount "84"]
[EventDate "2015.10.03"]
[EventRounds "9"]
[EventCountry "RUS"]

1. e4 c5 2. Nf3 Nc6 3. d4 cxd4 4. Nxd4 Nf6 5. Nc3 d6 6. g3 g6 7. Bg2 Nxd4 8.
Qxd4 Bg7 9. Nd5 O-O 10. Nxf6+ Bxf6 11. Qd3 Qa5+ 12. c3 b6 13. Bd2 Ba6 14. Qe3
Rac8 15. Bf3 Qb5 16. Bc1 d5 17. e5 Bg7 18. h4 Rfd8 19. a4 Qd7 20. a5 Bc4 21.
axb6 axb6 22. Qd4 Qe6 23. Bf4 f6 24. Be3 Qxe5 25. Qxe5 fxe5 26. Bxb6 Rf8 27.
Bg4 Rb8 28. Bc5 Rxb2 29. Bxe7 Rfb8 30. Bd6 Rb1+ 31. Kd2 Rxh1 32. Rxh1 Rb2+ 33.
Ke3 h5 34. Bd1 e4 35. Bb4 Bh6+ 36. f4 Rg2 37. Kd4 Rxg3 38. f5 gxf5 39. Bxh5 f4
40. Ra1 Bg7+ 41. Kc5 f3 42. Kc6 f2 0-1

[Event "Chigorin Memorial"]
[Site "St Petersburg"]
[Date "2015.10.04"]
[Round "2.18"]
[White "Eliseev, Urii"]
[Black "Leontiev, Aleksandr V"]
[Result "1-0"]
[WhiteElo "2536"]
[BlackElo "2281"]
[PlyCount "87"]
[EventDate "2015.10.03"]
[EventRounds "9"]
[EventCountry "RUS"]

1. e4 e5 2. Nf3 Nc6 3. Bb5 a6 4. Ba4 d6 5. O-O Bg4 6. h3 h5 7. Bxc6+ bxc6 8. d4
Bxf3 9. Qxf3 exd4 10. e5 Ne7 11. Re1 d5 12. Bg5 Qd7 13. e6 fxe6 14. Nd2 c5 15.
Re2 Rb8 16. Nb3 Ng6 17. Qf5 Rb6 18. Rae1 Qf7 19. Rxe6+ Rxe6 20. Rxe6+ Be7 21.
Qxg6 Qxg6 22. Rxg6 Kf7 23. Rxg7+ Kxg7 24. Bxe7 c4 25. Nxd4 Rb8 26. b3 cxb3 27.
axb3 a5 28. Bc5 a4 29. bxa4 Rb1+ 30. Kh2 Ra1 31. Ne6+ Kf7 32. Nxc7 Rxa4 33. c3
Rc4 34. Bb6 Rxc3 35. Nxd5 Rb3 36. Be3 h4 37. Nf4 Kf6 38. Ne2 Kg6 39. Nd4 Rb2
40. f4 Kh5 41. Nf3 Ra2 42. Bd4 Ra4 43. f5 Ra3 44. Bf6 1-0

[Event "Chigorin Memorial"]
[Site "St Petersburg"]
[Date "2015.10.04"]
[Round "2.19"]
[White "Elistratov, Semen"]
[Black "Can, Emre"]
[Result "0-1"]
[WhiteElo "2283"]
[BlackElo "2531"]
[PlyCount "142"]
[EventDate "2015.10.03"]
[EventRounds "9"]
[EventCountry "RUS"]

1. e4 c5 2. Nf3 d6 3. d4 cxd4 4. Nxd4 Nf6 5. Nc3 a6 6. Be2 e5 7. Nb3 Be7 8. Be3
Be6 9. O-O O-O 10. Qd2 Nbd7 11. a4 Nb6 12. a5 Nc4 13. Bxc4 Bxc4 14. Rfd1 Rc8
15. Bb6 Qe8 16. f3 Rc6 17. Kh1 h6 18. Nc1 Nd7 19. Be3 f5 20. Nd5 fxe4 21. fxe4
Bxd5 22. Qxd5+ Kh8 23. Qd3 Nf6 24. Ne2 Ng4 25. Bg1 Qg6 26. Ng3 Bg5 27. Nf5 Qh5
28. Ng3 Qe8 29. c4 Bf4 30. b3 Bxg3 31. Qxg3 Rf4 32. Rf1 Rxf1 33. Rxf1 Nf6 34.
Re1 Rc7 35. h3 Rf7 36. Qg6 Kg8 37. Be3 Rf8 38. Qxe8 Rxe8 39. Bd2 Kf7 40. g3 Ke6
41. Kg2 Rf8 42. Kf3 Nh5+ 43. Kg2 g5 44. Re2 Rf7 45. Re1 Nf6 46. g4 Rf8 47. Bb4
h5 48. Kg3 hxg4 49. hxg4 Rh8 50. Bd2 Rh4 51. b4 Rxg4+ 52. Kf3 Rh4 53. Bxg5 Rh3+
54. Kg2 Rc3 55. Bxf6 Kxf6 56. Rb1 Rxc4 57. Kf3 Ke6 58. Ke3 Kd7 59. Kd3 Rd4+ 60.
Ke3 Kc6 61. Rc1+ Kb5 62. Rc7 Kxb4 63. Rxb7+ Kxa5 64. Rb1 Ka4 65. Rb6 a5 66. Rb1
Ka3 67. Rb5 a4 68. Rb6 Ka2 69. Rb7 a3 70. Rb6 Ka1 71. Rb3 a2 0-1

[Event "Chigorin Memorial"]
[Site "St Petersburg"]
[Date "2015.10.04"]
[Round "2.20"]
[White "Stupak, Kirill"]
[Black "Karpenko, Artem"]
[Result "1-0"]
[WhiteElo "2531"]
[BlackElo "2274"]
[PlyCount "83"]
[EventDate "2015.10.03"]
[EventRounds "9"]
[EventCountry "RUS"]

1. d4 d5 2. Nf3 Nf6 3. g3 Bf5 4. Bg2 c6 5. O-O h6 6. c4 e6 7. Nc3 Nbd7 8. Qb3
Qb6 9. c5 Qxb3 10. axb3 a6 11. b4 Rc8 12. h3 g5 13. h4 g4 14. Nd2 Bc2 15. Re1
Be7 16. Nf1 Bd8 17. Bf4 Nh5 18. Bd6 Ng7 19. e4 Bxe4 20. Bxe4 dxe4 21. Nxe4 f6
22. Ne3 h5 23. Bf4 Be7 24. Nc4 Kf8 25. Na5 e5 26. dxe5 fxe5 27. Be3 Rb8 28.
Red1 Ke8 29. Rd3 Nf5 30. Rad1 Nf8 31. Nc4 Ng6 32. Bg5 Nd4 33. Kg2 Ne6 34. Bxe7
Nxe7 35. Nf6+ Kf7 36. Nd7 Ra8 37. Ndxe5+ Ke8 38. Rd7 Rb8 39. Nd6+ Kf8 40. Nxb7
Rh6 41. Rxe7 Kxe7 42. Nxc6+ 1-0

[Event "Chigorin Memorial"]
[Site "St Petersburg"]
[Date "2015.10.04"]
[Round "2.21"]
[White "Shemeakin, Alexander"]
[Black "Matsenko, Sergei"]
[Result "1/2-1/2"]
[WhiteElo "2275"]
[BlackElo "2531"]
[PlyCount "120"]
[EventDate "2015.10.03"]
[EventRounds "9"]
[EventCountry "RUS"]

1. d4 Nf6 2. c4 e6 3. Nf3 Bb4+ 4. Bd2 Qe7 5. g3 Bxd2+ 6. Qxd2 Nc6 7. Nc3 d5 8.
cxd5 exd5 9. Bg2 O-O 10. O-O Re8 11. Qf4 Bg4 12. Nh4 Qd7 13. Rfe1 h6 14. Rad1
Rad8 15. Nf3 Qe7 16. h3 Bh5 17. g4 Bg6 18. Nh4 Bc2 19. Nf5 Qe6 20. Nb5 Rd7 21.
Rc1 Bxf5 22. gxf5 Qe7 23. a3 a6 24. Nc3 Qd6 25. Qxd6 Rxd6 26. e3 Ne7 27. Ne2 c6
28. Ng3 Red8 29. a4 Kf8 30. Rc3 Ne8 31. Rb3 b5 32. Bf1 R6d7 33. Ra1 Nd6 34.
axb5 axb5 35. Ra6 Rc8 36. Bd3 Nc4 37. Kg2 Rdd8 38. Bxc4 dxc4 39. Rba3 c5 40.
dxc5 Rxc5 41. f6 gxf6 42. Ne4 Re5 43. Nxf6 Kg7 44. f4 Rf5 45. Ne4 b4 46. Ra1
Rfd5 47. Kf3 Rd1 48. Ke2 R1d3 49. Rg1+ Kf8 50. Rxh6 Nf5 51. Rh8+ Ke7 52. Rxd8
Kxd8 53. Rd1 Rxd1 54. Kxd1 Nxe3+ 55. Kd2 Nd5 56. Nd6 c3+ 57. bxc3 bxc3+ 58. Kc2
Ke7 59. Ne4 Ke6 60. Ng5+ Kf6 1/2-1/2

[Event "Chigorin Memorial"]
[Site "St Petersburg"]
[Date "2015.10.04"]
[Round "2.22"]
[White "Blomqvist, Erik"]
[Black "Melnikov, Dmitry"]
[Result "0-1"]
[WhiteElo "2530"]
[BlackElo "2272"]
[PlyCount "138"]
[EventDate "2015.10.03"]
[EventRounds "9"]
[EventCountry "RUS"]

1. Nf3 f5 2. d3 d6 3. e4 Nc6 4. Nc3 Nf6 5. exf5 Bxf5 6. d4 Qd7 7. Bg5 e6 8. Bd3
Bxd3 9. Qxd3 Be7 10. O-O O-O 11. Rae1 Rae8 12. Re2 d5 13. a3 Bd6 14. Rfe1 Nh5
15. Bd2 Nf4 16. Bxf4 Bxf4 17. Nd1 Qf7 18. Ne3 e5 19. dxe5 Nxe5 20. Qxd5 Qxd5
21. Nxd5 Nxf3+ 22. gxf3 Rxe2 23. Rxe2 Bd6 24. Kg2 Kf7 25. Re4 Rd8 26. Ne3 Be7
27. Kf1 Bf6 28. c3 Rd6 29. Ke2 b5 30. f4 a5 31. Ng4 Kg6 32. Ne3 Kf7 33. f5 c6
34. f4 h5 35. Ng2 a4 36. Ne3 c5 37. Nc2 Rd8 38. c4 bxc4 39. Rxc4 Bxb2 40. Rxa4
Bc3 41. Ne3 Rd2+ 42. Kf3 Rxh2 43. Ra7+ Kg8 44. Nd5 Bd4 45. Ne7+ Kf8 46. Ng6+
Ke8 47. Ke4 Rd2 48. Ne5 Kf8 49. Nf3 Re2+ 50. Kd5 Bf6 51. a4 h4 52. a5 h3 53.
Ra8+ Ke7 54. Rh8 Ra2 55. Ne5 h2 56. Nc4 Bc3 57. Kc6 Kf6 58. Nd6 g6 59. Ne4+ Kg7
60. Rh3 Bd4 61. fxg6 Kxg6 62. Nd6 Bg1 63. Kb5 Rb2+ 64. Kc4 Rb4+ 65. Kd5 Rxf4
66. a6 Ra4 67. Ke5 Rxa6 68. Rg3+ Kh5 69. Rg8 Bd4+ 0-1

[Event "Chigorin Memorial"]
[Site "St Petersburg"]
[Date "2015.10.04"]
[Round "2.23"]
[White "Ovchinnikov, Vsevolod"]
[Black "Predke, Alexandr"]
[Result "1/2-1/2"]
[WhiteElo "2273"]
[BlackElo "2527"]
[PlyCount "100"]
[EventDate "2015.10.03"]
[EventRounds "9"]
[EventCountry "RUS"]

1. d4 Nf6 2. c4 g6 3. Nc3 Bg7 4. e4 O-O 5. Nf3 c6 6. Be2 d5 7. e5 Ne4 8. O-O
Nxc3 9. bxc3 Nd7 10. Qb3 Nb6 11. c5 Nc4 12. Bxc4 dxc4 13. Qxc4 Be6 14. Qb4 b5
15. cxb6 axb6 16. a4 Bd5 17. Be3 Bxf3 18. gxf3 Qd5 19. Qxe7 Qxf3 20. Qg5 f6 21.
exf6 Rxf6 22. Qg2 Qf5 23. Rab1 Qa5 24. Rb3 Ra6 25. Rfb1 Qxa4 26. Rxb6 Rxb6 27.
Rxb6 Qa1+ 28. Qf1 Qxc3 29. Rb8+ Rf8 30. Rxf8+ Bxf8 31. Qh3 Qb3 32. Qc8 Qb1+ 33.
Kg2 Qe4+ 34. Kg1 Kf7 35. Qd7+ Be7 36. Bg5 Qe6 37. Qb7 Qd6 38. f4 h6 39. Bxe7
Qxe7 40. Qxc6 Qe1+ 41. Kg2 Qe2+ 42. Kg3 Qe3+ 43. Qf3 Qg1+ 44. Qg2 Qe3+ 45. Qf3
Qg1+ 46. Qg2 Qxd4 47. Qb7+ Kf6 48. Qc6+ Kf7 49. Qb7+ Ke6 50. Qc6+ Kf7 1/2-1/2

[Event "Chigorin Memorial"]
[Site "St Petersburg"]
[Date "2015.10.04"]
[Round "2.25"]
[White "Volodin, Aleksandr"]
[Black "Iljin, Timofey"]
[Result "1-0"]
[WhiteElo "2491"]
[BlackElo "2266"]
[PlyCount "84"]
[EventDate "2015.10.03"]
[EventRounds "9"]
[EventCountry "RUS"]

1. d4 d5 2. c4 e6 3. Nc3 Bb4 4. Qa4+ Nc6 5. e3 Nge7 6. Nf3 O-O 7. Bd2 a6 8. a3
Bxc3 9. Bxc3 Rb8 10. Bd3 dxc4 11. Qxc4 b6 12. O-O Bb7 13. e4 Ng6 14. Rfe1 Nce7
15. Rad1 Nc8 16. Qb3 Nd6 17. Ne5 Nf4 18. Bb1 Qg5 19. g3 f5 20. h4 Qh5 21. gxf4
Rf6 22. Bb4 fxe4 23. Qg3 Rbf8 24. Qg5 Qe8 25. Re3 h6 26. Qg2 Qh5 27. Rf1 c5 28.
dxc5 Nf5 29. c6 Nxh4 30. Qxe4 Nf5 31. Bxf8 Nxe3 32. Qh7+ Kxf8 33. Qh8+ Ke7 34.
Qxg7+ Rf7 35. Qxf7+ Qxf7 36. Nxf7 Bxc6 37. fxe3 Kxf7 38. f5 exf5 39. Bxf5 Ke7
40. e4 Kd6 41. Kf2 Ke5 42. Ke3 a5 1-0